000 00264nam a22001217a 4500
008 180522b xxu||||| |||| 00| 0 eng d
041 _aeng
080 _a043.3
100 _a0
101 _aARK-BTH
245 _aResort malor-hotel
_cKrasniqi,A
942 _2udc
_cBK
999 _c46196
_d46196